| 000 | 01240naa a22003497a 4500 | ||
|---|---|---|---|
| 001 | BR7906018 | ||
| 003 | BR-BrBNA | ||
| 005 | 20240918174434.0 | ||
| 007 | ta | ||
| 008 | 230509b bl.||||| |||| 00| 0 por d | ||
| 040 |
_aBR-BrBNA _bpor _cBiblioteca Nacional de Agricultura |
||
| 041 | _a(Pt) | ||
| 072 |
_aU10; H20 _b2120 _b4120 _bG514 |
||
| 090 | _aU10 BR7906018 | ||
| 100 | 1 | _aDuarte, G. de S. | |
| 100 | 1 | _aBarbin, D. | |
| 111 | 1 |
_aReuniao Internacional de Biometria _cPiracicaba, SP (Brazil) _d22 Sep 1975 |
|
| 245 | 1 | _aCurva epidemiologica da ferrugem alaranjada do cafeeiro da zona da Mata - Minas Gerais [Coffea spp; Puccinia recondita; Estatistica; Brasil] | |
| 260 | 3 |
_aSao Paulo, SP (Brasil): _c1979. |
|
| 500 | _aAnais da Reuniao Internacional de Biometria Sao Paulo, SP (Brasil): 1979. p. 167-184 (BR7906018-AM)U10 | ||
| 650 | _aMatematica | ||
| 650 | _aDoenca de planta | ||
| 650 | _aCafe | ||
| 650 | _aFerrugem alaranjada | ||
| 650 | _aInfeccao | ||
| 650 | _aEquacao | ||
| 650 | _aZona da Mata | ||
| 650 | _aMinas Gerais | ||
| 773 | 0 |
_tAnais da Reuniao Internacional de Biometria _wU10 BR7906018 _gSao Paulo, SP (Brasil), 1979. p. 167-184 |
|
| 909 |
_a202404 _bLucia _c55 _dLucia Elande |
||
| 942 |
_cAM _2AGRIS |
||
| 999 |
_c311266 _d311266 |
||